| Tag |
First Indicator |
Second Indicator |
Subfields |
| LEADER |
00000cam a2200000 i 4500 |
| 001 |
in00000738921 |
| 005 |
20151016071054.0 |
| 008 |
780724s1977 kyua b 10010 eng d |
| 035 |
|
|
|a (OCoLC)04077595
|
| 035 |
|
|
|9 ADE4221AM
|
| 040 |
|
|
|a EEM
|c EEM
|d TXA
|d UtOrBLW
|
| 049 |
|
|
|a TXAM
|c [444067]
|
| 090 |
|
|
|a SF97
|b .R4 1977
|
| 111 |
2 |
|
|a Research-Industry Conference
|n (10th :
|d 1977 :
|c Columbia, Missouri)
|
| 245 |
1 |
0 |
|a How far with forages for meat and milk production? :
|b proceedings of the tenth research-industry conference, Ramada Inn, Columbia, Missouri, February 14-16, 1977 /
|c editors, A. G. Matches, J. J. Marks.
|
| 264 |
|
1 |
|a Lexington, Ky. :
|b American Forage and Grassland Council,
|c [1977?]
|
| 300 |
|
|
|a vi, 178 pages :
|b illustrations ;
|c 28 cm.
|
| 336 |
|
|
|a text
|b txt
|2 rdacontent
|
| 337 |
|
|
|a unmediated
|b n
|2 rdamedia
|
| 338 |
|
|
|a volume
|b nc
|2 rdacarrier
|
| 500 |
|
|
|a Sponsored by American Forage and Grassland Council.
|
| 504 |
|
|
|a Includes bibliographies.
|
| 650 |
|
0 |
|a Forage
|x Congresses.
|
| 650 |
|
0 |
|a Cattle
|x Feeding and feeds
|x Congresses.
|
| 650 |
|
0 |
|a Hay
|x Congresses.
|
| 700 |
1 |
|
|a Matches, Arthur G.
|
| 700 |
1 |
|
|a Marks, J. J.
|
| 710 |
2 |
|
|a American Forage and Grassland Council.
|
| 999 |
|
|
|a MARS
|
| 999 |
f |
f |
|s 7468e660-5846-375c-aeb1-e1893d0c28c3
|i 004da184-0cb7-3ab2-ba6d-087bdd840ea3
|t 0
|
| 952 |
f |
f |
|p normal
|a Texas A&M University
|b College Station
|c Sterling C. Evans Library
|d Evans: Library Stacks
|t 0
|e SF97 .R4 1977
|h Library of Congress classification
|i unmediated -- volume
|m A14805231679
|
| 998 |
f |
f |
|a SF97 .R4 1977
|t 0
|l Evans: Library Stacks
|